Entry Personal Name
Number of records used in: 6
001 - CONTROL NUMBER
003 - CONTROL NUMBER IDENTIFIER
005 - DATE AND TIME OF LATEST TRANSACTION
- control field:
20260305123511.0
008 - FIXED-LENGTH DATA ELEMENTS
- fixed length control field:
160412n| azannaabn |a aaa
010 ## - LIBRARY OF CONGRESS CONTROL NUMBER
- LC control number:
n 2016244903
040 ## - CATALOGING SOURCE
- Original cataloging agency:
DLC
- Language of cataloging:
eng
- Transcribing agency:
DLC
- Description conventions:
rda
046 ## - SPECIAL CODED DATES
100 1# - HEADING--PERSONAL NAME
- Personal name:
Bēbi Pōḷ, Vinil
370 ## - ASSOCIATED PLACE
- Place of residence/headquarters:
Kottayam, India
372 ## - FIELD OF ACTIVITY
- Field of activity:
History
- Field of activity:
Social sciences
- Source of term:
lcsh
373 ## - ASSOCIATED GROUP
- Associated group:
Mahatma Gandhi University (Kottayam, India). School of Social Sciences
- Source of term:
naf
374 ## - OCCUPATION
375 ## - GENDER
377 ## - ASSOCIATED LANGUAGE
- Language code:
mal
- Language code:
eng
400 1# - SEE FROM TRACING--PERSONAL NAME
- Personal name:
Pōḷ, Vinil Bēbi
400 1# - SEE FROM TRACING--PERSONAL NAME
- Personal name:
Baby Paul, Vinil
670 ## - SOURCE DATA FOUND
- Source citation:
Viśvāsavuṃ vimōcanavuṃ, Kaippat̲t̲a Hābēl, 2015:
- Information found:
t.p. (Vinil Bēbi Pōḷ) t.p. verso (Vinil Baby Paul) p. facing t.p. (lives in Kottayam, Kerala, India; M. Phil. from School of Social Sciences, Mahatma Gandhi University, Kottayam, India)